000 00303nam a2200109Ia 4500
008 190216s9999||||xx |||||||||||||| ||und||
100 _aNihal Chand
245 0 _aPopular Master Guide To Civil Sucess Preliminary Exam Sociology
260 _bRamesh Publishing House
650 _aReferences
942 _cREF
999 _c35604
_d35604